Sept Tragedies D'Euripide (Запис номер 429465)
[ съкратено ]
| 000 -Лидер | |
|---|---|
| Контролно поле с фиксирана дължина | nam a22 a 4500 |
| 003 - Код на организацията, давaща контролен номер | |
| Контролно поле | BLK |
| 005 - Дата и час на последна редакция | |
| Контролно поле | 20210823100851.0 |
| 008 - Елементи от данни с фиксирана дължина | |
| fixed length control field | 180412b bul|||||r ||||||| ||bul|| |
| 040 ## - Източник на каталожния запис | |
| Идентификатор на билиотеката - собственик на записа | BLK |
| 041 ## - Код за език | |
| Код за езика на текст/звукозапис или на отделно заглавие | Френски |
| -- | Старогръцки |
| Код за езика КДБФ | Френски |
| 080 ## - УДК | |
| Текстов определител УДК | Класическа гръцка литература. Старогръцка литература |
| УДК код - определител по УДК | 821.142 |
| УДК определител | -21 |
| УДК - код + определител | 821.142-21 |
| 100 1# - Редна дума - Автор | |
| Автор | Euripides |
| Авторска отговорност | първи автор |
| R(LIN) | 9695 |
| 139 ## - Редно поле | |
| Редна дума | Euripides |
| 245 10 - Сведения за заглавието | |
| Заглавие | Sept Tragedies D'Euripide |
| Редно поле (дума) | Euripides; rec. nouvelle avec comm. critique et exp.Henri Weil |
| 250 ## - Област на изданието | |
| Сведения за изданието | 2 rem. ed. |
| 260 ## - Област на издателските данни | |
| Място на издаване, разпространение и проч. | Paris |
| Име на издателя, разпространителя и проч. | Libr. Hachette et C-ie |
| Година на издаване | 1879 |
| 9 (RLIN) | 219407 |
| 300 ## - Физическа характеристика | |
| Страници | 808 с. |
| Размери/Мащаб | 24 см |
| 380 ## - Жанр | |
| Жанр | Худож. лит. |
| 490 ## - СЕРИИ (Колекции) | |
| Име на серия | Колекция Редки и ценни издания |
| 9 (RLIN) | 435080 |
| 700 ## - Други автори (авторска отговорност) | |
| 9 (RLIN) | 401063 |
| Лично име | Weil, Henri |
| Автороска отговорност (Описва отношението между автора и произведението) | предг. |
| 852 ## - Местоположение | |
| Форматна сигнатура | Рф 879 |
| Фондова буква | Редки и ценни |
| 856 4# - Електронен адрес и достъп | |
| Електронен формат | pdf - файл |
| Път до файла /url/ | |
| 856 4# - Електронен адрес и достъп | |
| Електронен формат | pdf - файл |
| Път до файла /url/ | |
| 999 ## - СИСТЕМНИ КОНТРОЛНИ НОМЕРА | |
| Koha biblionumber | 429465 |
| Koha biblioitemnumber | 429465 |
| 942 ## - АРТИКУЛИ | |
| Вид на библиотечния материал | Книги |
| Скрит в OPAC | Не |
| Периодичен библиозапис | Да |
| 944 ## - СЪЗДАВАНЕ И РЕДАКЦИЯ на ЗАПИСА | |
| Създаване/Редакция | Създаване |
| Дата на регистрацията/редакция | 2021-08-23 |
| Статус, дата на статуса | 2021-08-23 |
| Служител, извършил регистрацията/редакцията | К.Д. |
| Код за отписване | Код за изгубен артикул | Източник на класификационната схема | Код за повреда | Коз за рестрикции | Код за отдаване | Артикулен № | Име на библиотеката - собственик | Име на библиотеката, в която се намира в момента | Статус (Текущо местоположение) | Дата на вписване в системата | Местоположение - отдел | Цена в лева | Инвентарен номер | Систематично азбучна сигнатура | Баркод | Цена в евро | Служебен тип на артикула |
|---|---|---|---|---|---|---|---|---|---|---|---|---|---|---|---|---|---|
| Не е изгубен | Universal Decimal Classification | Не е повреден | само за читалня | Специални фондове ( старопечатни, редки и ценни, фонд М. Арнаудов) | 854504 | Регионална библиотека "Любен Каравелов" Русе | Регионална библиотека "Любен Каравелов" Русе | Редки и ценни | 2021-09-23 | Редки и ценни | 1.61 | 13325/58 | Рф 879 | 900000075540 | 0.82 | Книги |